000 00755cam a2200289 4500500
005 20260329004951.0
041 _afre
042 _adc
100 1 0 _aPortevin, Catherine
_eauthor
245 0 0 _aUne jeunesse volée ?
260 _c2021.
500 _a53
690 _aBergson
690 _aCamus
690 _aCovid
690 _aDurée
690 _aFête
690 _aJeunesse
690 _aMarylin Maeso
690 _aPandémie
690 _aRévolte
690 _aTemps
690 _aTravail
690 _aVieillissement
786 0 _nPhilosophie magazine | 155 | 12 | 2021-12-01 | p. 28-29 | 1951-1787
856 4 1 _uhttps://shs.cairn.info/magazine-philosophie-magazine-2021-12-1-page-28?lang=fr&redirect-ssocas=7080
999 _c1839026
_d1839026